000 00510 a2200181 4500
003 OSt
005 20260305131435.0
008 260305b |||||||| |||| 00| 0 eng d
020 _a9789370986800
040 _coclc
082 _a894.8123
_bMUK/A
100 _aMukundan, M
_96509
245 _aANGEL MARYILEKKU NOORU DIVASAM /
_bM Mukundan
250 _a3th ed.
260 _aKottayam:
_bDC Books,
_c2025.
300 _a383 pages
942 _2ddc
_cBK
_h894.8123
_iMUK/A
_k894.8123
_mMUK/A
999 _c44621
_d44621